Harry Potter Characters - Sudden Death! - Statistics

General Stats
  • This quiz has been taken 879 times
    861 since last reset
  • The average score is 12 of 45
Answers on the Grid
Answers color-coded by a green-red scale on the quiz's grid according to % correct below.
Neville Longbottom
Autumn Stingwalker
Zackarai Tockshi
Sirius Black
Greenworth Kimberly
Fleur Delacour
Percy Weasley
Aronice Solarity
Wellton Pliscert
Draco Malfoy
Ronald Weasel
Leonardo Vicky
Cho Chang
Trixie Oli
Noieck Weirdwalker
Dolores Umbridge
Azarink Zappitrun
Lord Voldemort
Durance Cobrallion
Vickinson Latteza
Lapizo Luntica
Hermione Granger
Dockish Neymas
Albus Dumbledore
Evensly Strangela
Rubeus Hagrid
Lupin Limestorm
Moaning Myrtle
Arthur Weasley
Silico Ceantre
Harry Potter
Arnold Weasley
Cornivilous Anastacia
Diven Sepiver
Cedric Diggory
Nottingson Vileson
Nearly Headless Nick
Korvis Dern
Crackling Chrysanthemum
Nymphadora Tanks
Ron Weasley
Doobius
Quirrell Quirinous
Tentative Terry
Aurélie Silver
Dean Thomas
Nymphadora Tonks
Inli Sevilling
Lavender Brown
Emolga Esen Burgis
Violeta Zelpin
Oliver Wood
Severus Snape
Argus Flich
Mrs. Norris
Heedwig
Gripehawk
Lily Luno Potter
Juno Weasley
Lilly Lunar Potter
Minerva McGonagall
LiIy K. Peter.
Pomona Sprout
Popi Lily
Dudley Dursley
Lilly J. Potter
Kreacher
Kolin Kreevy
Minerva Springs
Augusta Longbottom
Lili Lunis Potter
Bathilda Bagshot
Creature
Luna Lovegood
Xenophilius Lovegod
Alpbus Dumbledork
Marco Gauntlet
Antioxide-Peverich
Winkie
Garrick Ollivander
Jerry Stretchon
Colin Creevey
Corban Yaxley
August Longbottom
Bellatrix Lestrange
Winky
Remus Lupin
Antioch Peverell
Griphook
Xenophobic Lovegood
Lily J. Potter
Emperor Voldemort
Yaxley Coreback
Grengowitch
Marvolo Gaunt
Jeremy Stretton
Dobby
Fenrir Greyback
Gregorovitch
Matt Greensworth
Matilda Patrag
Garry Oliveander
Lily Luna Potter
Elliot Azuliwing
Garrot Lumin
 
Answer Stats
Answer % Correct
Neville Longbottom
97%
Fleur Delacour
81%
Sirius Black
80%
Draco Malfoy
78%
Percy Weasley
78%
Cho Chang
58%
Dolores Umbridge
56%
Harry Potter
55%
Hermione Granger
55%
Rubeus Hagrid
52%
Moaning Myrtle
51%
Lord Voldemort
50%
Albus Dumbledore
46%
Arthur Weasley
44%
Cedric Diggory
39%
Nearly Headless Nick
36%
Ron Weasley
34%
Dean Thomas
25%
Lavender Brown
22%
Nymphadora Tonks
22%
Oliver Wood
19%
Severus Snape
19%
Minerva McGonagall
14%
Dobby
9%
Mrs. Norris
9%
Bathilda Bagshot
8%
Dudley Dursley
8%
Kreacher
8%
Remus Lupin
8%
Colin Creevey
7%
Fenrir Greyback
7%
Luna Lovegood
7%
Lily Luna Potter
6%
Pomona Sprout
6%
Winky
6%
Augusta Longbottom
5%
Bellatrix Lestrange
5%
Griphook
5%
Garrick Ollivander
4%
Lily J. Potter
4%
Antioch Peverell
3%
Corban Yaxley
3%
Gregorovitch
3%
Marvolo Gaunt
3%
Jeremy Stretton
0%
No matching quizzes found
Score Distribution
Percent of People with Each Score
Percentile by Number Answered
Your Score History
You have not taken this quiz since the last reset